[Event "AsianNationCup2018-OpenRapid"]
[Site "?"]
[Date "2018.07.27"]
[Round "7.1"]
[White "Jumabayev, Rinat"]
[Black "Maghsoodloo, Parham"]
[Result "1/2-1/2"]
[BlackElo "2393"]
[WhiteElo "2606"]
[LiveChessVersion "1.4.8"]

1. Nf3 {[%clk 0:15:20]} d5 {[%clk 0:15:20]} 2. e3 {[%clk 0:15:29]} Nf6
{[%clk 0:15:28]} 3. c4 {[%clk 0:15:21]} c6 {[%clk 0:15:38]} 4. b3
{[%clk 0:15:11]} Bg4 {[%clk 0:15:36]} 5. Bb2 {[%clk 0:15:19]} e6 {[%clk 0:15:28]}
6. h3 {[%clk 0:14:45]} Bxf3 {[%clk 0:15:35]} 7. Qxf3 {[%clk 0:14:53]} Nbd7
{[%clk 0:15:43]} 8. Nc3 {[%clk 0:14:26]} Bd6 {[%clk 0:15:28]} 9. g4
{[%clk 0:14:22]} O-O {[%clk 0:15:20]} 10. Bg2 {[%clk 0:14:09]} a5
{[%clk 0:14:57]} 11. g5 {[%clk 0:13:51]} Ne8 {[%clk 0:15:05]} 12. h4
{[%clk 0:13:55]} a4 {[%clk 0:15:08]} 13. Nxa4 {[%clk 0:12:54]} dxc4
{[%clk 0:15:16]} 14. O-O {[%clk 0:12:26]} Be5 {[%clk 0:15:20]} 15. Bxe5
{[%clk 0:11:10]} Nxe5 {[%clk 0:15:29]} 16. Qe4 {[%clk 0:11:19]} cxb3
{[%clk 0:14:39]} 17. axb3 {[%clk 0:11:25]} Nd3 {[%clk 0:12:41]} 18. Nc3
{[%clk 0:10:17]} Rxa1 {[%clk 0:12:49]} 19. Rxa1 {[%clk 0:10:26]} Nc7
{[%clk 0:12:56]} 20. b4 {[%clk 0:08:57]} Qd6 {[%clk 0:11:00]} 21. Rb1
{[%clk 0:08:40]} Rd8 {[%clk 0:10:24]} 22. b5 {[%clk 0:08:24]} Nxf2
{[%clk 0:09:48]} 23. Kxf2 {[%clk 0:08:22]} Qxd2+ {[%clk 0:09:57]} 24. Ne2
{[%clk 0:08:27]} Nxb5 {[%clk 0:10:05]} 25. Qb4 {[%clk 0:08:06]} Qd7
{[%clk 0:09:45]} 26. Nd4 {[%clk 0:07:03]} Nxd4 {[%clk 0:07:57]} 27. Qxd4
{[%clk 0:07:11]} Qxd4 28. exd4 {[%clk 0:07:19]} Rxd4 {[%clk 0:08:15]} 29. Rxb7
{[%clk 0:06:42]} h6 {[%clk 0:08:03]} 30. Kg3 {[%clk 0:06:15]} hxg5
{[%clk 0:08:10]} 31. hxg5 {[%clk 0:06:24]} Rd3+ {[%clk 0:06:59]} 32. Kf4
{[%clk 0:06:23]} Rd4+ {[%clk 0:07:02]} 33. Kg3 {[%clk 0:04:27]} Rd3+
{[%clk 0:07:00]} 34. Bf3 {[%clk 0:04:35]} Rc3 {[%clk 0:06:57]} 35. Rc7
{[%clk 0:04:20]} g6 {[%clk 0:07:00]} 36. Kf4 {[%clk 0:04:11]} Rc4+
{[%clk 0:06:49]} 37. Be4 {[%clk 0:04:15]} Kg7 {[%clk 0:06:57]} 38. Ra7
{[%clk 0:04:01]} Rb4 {[%clk 0:06:48]} 39. Rd7 {[%clk 0:03:10]} Rc4
{[%clk 0:06:51]} 40. Rc7 {[%clk 0:03:11]} Rc5 {[%clk 0:06:56]} 41. Bd3
{[%clk 0:01:58]} Kf8 {[%clk 0:07:03]} 42. Ba6 {[%clk 0:01:17]} Rf5+
{[%clk 0:07:11]} 43. Kg4 {[%clk 0:01:26]} Ra5 {[%clk 0:07:16]} 44. Bc8
{[%clk 0:01:18]} Ra4+ {[%clk 0:07:20]} 45. Kf3 {[%clk 0:01:25]} Ra5
{[%clk 0:07:28]} 46. Kf4 {[%clk 0:01:33]} Ra4+ {[%clk 0:07:26]} 47. Kf3
{[%clk 0:00:56]} Ra5 {[%clk 0:07:35]} 48. Kf4 {[%clk 0:00:57]} Ra4+
{[%clk 0:07:44]} 1/2-1/2

[Event "AsianNationCup2018-OpenRapid"]
[Site "?"]
[Date "2018.07.27"]
[Round "7.2"]
[White "Idani, Pouya"]
[Black "Ismagambetov, Anuar"]
[Result "1/2-1/2"]
[BlackElo "2454"]
[WhiteElo "2462"]
[LiveChessVersion "1.4.8"]

1. d4 {[%clk 0:15:18]} Nf6 {[%clk 0:15:19]} 2. c4 {[%clk 0:15:27]} e6
{[%clk 0:15:28]} 3. Nc3 {[%clk 0:15:36]} c5 {[%clk 0:15:20]} 4. d5
{[%clk 0:15:43]} exd5 5. cxd5 {[%clk 0:15:52]} d6 {[%clk 0:15:38]} 6. Nf3
{[%clk 0:15:48]} g6 {[%clk 0:15:47]} 7. h3 {[%clk 0:15:51]} Bg7 {[%clk 0:15:41]}
8. e4 {[%clk 0:16:00]} a6 {[%clk 0:15:15]} 9. a4 {[%clk 0:16:09]} Nbd7
{[%clk 0:15:24]} 10. Bd3 {[%clk 0:16:09]} Nh5 {[%clk 0:15:29]} 11. O-O
{[%clk 0:16:17]} O-O {[%clk 0:14:31]} 12. Bg5 {[%clk 0:16:20]} Bf6
{[%clk 0:14:26]} 13. Bh6 {[%clk 0:16:28]} Bg7 {[%clk 0:14:11]} 14. Bg5
{[%clk 0:16:30]} Bf6 {[%clk 0:14:20]} 15. Be3 {[%clk 0:16:10]} Ne5
{[%clk 0:14:22]} 16. Be2 {[%clk 0:16:18]} Nxf3+ {[%clk 0:14:30]} 17. Bxf3
{[%clk 0:16:27]} Ng7 {[%clk 0:14:39]} 18. Be2 {[%clk 0:14:03]} Re8
{[%clk 0:14:43]} 19. Bd3 {[%clk 0:14:12]} Rb8 {[%clk 0:14:18]} 20. a5 b5
{[%clk 0:13:56]} 21. axb6 {[%clk 0:14:27]} Rxb6 {[%clk 0:14:05]} 22. Ra2
{[%clk 0:14:01]} Rb4 {[%clk 0:13:10]} 23. Qd2 {[%clk 0:13:24]} Bd4
{[%clk 0:12:23]} 24. Bxa6 {[%clk 0:11:23]} Bxa6 {[%clk 0:11:23]} 25. Rxa6
{[%clk 0:11:33]} Bxe3 {[%clk 0:11:32]} 26. fxe3 {[%clk 0:10:29]} Qb8
{[%clk 0:10:58]} 27. Rf2 {[%clk 0:08:30]} Nh5 {[%clk 0:09:53]} 28. Qe2
{[%clk 0:08:26]} Re7 {[%clk 0:10:02]} 29. Kh2 {[%clk 0:04:17]} Kg7
{[%clk 0:08:54]} 30. g4 {[%clk 0:04:03]} Nf6 {[%clk 0:09:03]} 31. Qf3
{[%clk 0:04:13]} Nxe4 {[%clk 0:07:43]} 32. Nxe4 {[%clk 0:04:22]} Rbxe4
{[%clk 0:07:52]} 33. Qf6+ {[%clk 0:04:31]} Kg8 {[%clk 0:08:01]} 34. Qxd6
{[%clk 0:04:35]} Qxd6+ {[%clk 0:07:55]} 35. Rxd6 {[%clk 0:04:44]} Rxe3
{[%clk 0:07:57]} 36. Rd8+ {[%clk 0:04:05]} Kg7 {[%clk 0:06:01]} 37. d6
{[%clk 0:04:12]} Rb7 {[%clk 0:04:38]} 38. Rc8 {[%clk 0:04:11]} Re6
{[%clk 0:04:27]} 39. Rxc5 {[%clk 0:04:03]} Rxd6 {[%clk 0:04:36]} 40. Rc3
{[%clk 0:03:52]} Rdb6 {[%clk 0:04:22]} 41. Rcf3 {[%clk 0:04:00]} Rb5
{[%clk 0:03:48]} 42. Kg2 {[%clk 0:03:52]} h5 {[%clk 0:03:52]} 43. gxh5
{[%clk 0:04:01]} Rxh5 {[%clk 0:04:01]} 44. b3 {[%clk 0:03:01]} Rhb5 45. Rb2 Rb4
{[%clk 0:04:10]} 46. Kg3 {[%clk 0:03:11]} f5 {[%clk 0:04:15]} 47. Rb1
{[%clk 0:03:12]} Kf6 {[%clk 0:04:20]} 48. Rb2 {[%clk 0:03:16]} R7b6
{[%clk 0:04:28]} 49. Rb1 {[%clk 0:03:16]} Kg5 {[%clk 0:04:37]} 50. Rb2
{[%clk 0:03:01]} Rb7 {[%clk 0:04:37]} 51. Rc3 {[%clk 0:03:04]} Kh5
{[%clk 0:04:27]} 52. Rf3 {[%clk 0:03:10]} R7b6 {[%clk 0:03:46]} 53. Rb1
{[%clk 0:03:15]} R6b5 {[%clk 0:03:43]} 54. Rb2 {[%clk 0:03:20]} g5
{[%clk 0:03:49]} 55. Rd3 {[%clk 0:03:29]} Rb6 {[%clk 0:03:44]} 56. Rf3
{[%clk 0:03:14]} R4b5 {[%clk 0:03:38]} 57. Rd3 {[%clk 0:03:10]} Rb4
{[%clk 0:02:59]} 58. Rf3 {[%clk 0:03:18]} R6b5 {[%clk 0:03:02]} 59. Rd3
{[%clk 0:03:27]} Rc5 {[%clk 0:03:05]} 60. Re2 {[%clk 0:03:20]} Rb8
{[%clk 0:02:28]} 61. Re7 {[%clk 0:03:16]} Rcb5 {[%clk 0:02:30]} 62. Rh7+
{[%clk 0:02:39]} Kg6 {[%clk 0:02:39]} 63. Rhd7 {[%clk 0:02:35]} Rxb3
{[%clk 0:02:46]} 64. Rxb3 {[%clk 0:02:36]} Rxb3+ {[%clk 0:02:55]} 65. Kg2
{[%clk 0:02:45]} Re3 {[%clk 0:02:53]} 66. Rd8 {[%clk 0:02:52]} Kf6
{[%clk 0:02:58]} 67. Rg8 {[%clk 0:02:54]} Rd3 {[%clk 0:02:59]} 68. Kh2
{[%clk 0:02:49]} Rd2+ {[%clk 0:02:46]} 69. Kg3 {[%clk 0:01:58]} f4+
{[%clk 0:02:06]} 70. Kf3 {[%clk 0:02:06]} Rd3+ {[%clk 0:01:59]} 71. Kg2
{[%clk 0:02:15]} Rg3+ {[%clk 0:02:08]} 72. Kh2 {[%clk 0:02:24]} Kf5
{[%clk 0:02:17]} 73. Ra8 {[%clk 0:02:20]} Re3 {[%clk 0:02:08]} 74. Kg2
{[%clk 0:02:19]} Re2+ {[%clk 0:02:15]} 75. Kf3 {[%clk 0:02:25]} Rh2
{[%clk 0:02:21]} 76. Rf8+ {[%clk 0:02:24]} Kg6 {[%clk 0:02:30]} 77. Rh8
{[%clk 0:02:33]} Rd2 {[%clk 0:02:25]} 78. Rg8+ {[%clk 0:02:30]} Kf6
{[%clk 0:02:31]} 79. Rf8+ {[%clk 0:02:30]} Kg7 {[%clk 0:02:40]} 80. Ra8
{[%clk 0:02:39]} Rh2 {[%clk 0:01:55]} 81. Kg4 {[%clk 0:02:31]} Rg2+
{[%clk 0:02:03]} 82. Kf5 {[%clk 0:02:40]} f3 {[%clk 0:02:01]} 83. Ra1
{[%clk 0:02:07]} Kh6 {[%clk 0:01:41]} 84. Rf1 {[%clk 0:02:15]} f2
{[%clk 0:00:42]} 85. Ke4 {[%clk 0:02:24]} 1/2-1/2

[Event "AsianNationCup2018-OpenRapid"]
[Site "?"]
[Date "2018.07.27"]
[Round "7.3"]
[White "Kazhgaleyev, Murtas"]
[Black "Firouzja, Alireza"]
[Result "0-1"]
[BlackElo "2367"]
[WhiteElo "2457"]
[LiveChessVersion "1.4.8"]

1. d4 {[%clk 0:15:17]} Nf6 {[%clk 0:15:19]} 2. c4 {[%clk 0:15:26]} g6
{[%clk 0:15:28]} 3. Nc3 {[%clk 0:15:34]} Bg7 {[%clk 0:15:36]} 4. e4
{[%clk 0:15:43]} d6 {[%clk 0:15:44]} 5. h3 {[%clk 0:15:49]} Nbd7 {[%clk 0:15:26]}
6. Bg5 {[%clk 0:15:31]} h6 {[%clk 0:14:48]} 7. Be3 {[%clk 0:15:40]} e5
{[%clk 0:14:57]} 8. d5 {[%clk 0:15:46]} Nc5 {[%clk 0:15:05]} 9. Qc2
{[%clk 0:15:51]} O-O {[%clk 0:15:00]} 10. b4 {[%clk 0:14:27]} Ncd7
{[%clk 0:14:40]} 11. Rd1 {[%clk 0:14:00]} a5 {[%clk 0:14:40]} 12. a3
{[%clk 0:14:07]} axb4 {[%clk 0:14:35]} 13. axb4 {[%clk 0:14:07]} Nh5
{[%clk 0:11:16]} 14. Nge2 {[%clk 0:13:41]} Ra3 {[%clk 0:09:35]} 15. g3
{[%clk 0:12:36]} f5 {[%clk 0:08:28]} 16. Bg2 {[%clk 0:10:01]} f4 {[%clk 0:07:10]}
17. Bc1 {[%clk 0:10:09]} Ra1 {[%clk 0:07:18]} 18. Rd3 {[%clk 0:08:48]} fxg3
{[%clk 0:06:52]} 19. fxg3 {[%clk 0:08:54]} c5 {[%clk 0:06:06]} 20. dxc6
{[%clk 0:08:16]} bxc6 {[%clk 0:06:15]} 21. Qb2 {[%clk 0:08:23]} Ra8
{[%clk 0:05:12]} 22. Be3 {[%clk 0:08:08]} Nb6 {[%clk 0:04:46]} 23. c5
{[%clk 0:05:45]} Nc4 {[%clk 0:04:55]} 24. Qb3 {[%clk 0:05:54]} Be6
{[%clk 0:04:57]} 25. Rxd6 {[%clk 0:06:02]} Qe8 {[%clk 0:04:25]} 26. Nd5
{[%clk 0:05:04]} cxd5 {[%clk 0:03:52]} 27. Rxe6 {[%clk 0:04:13]} Qxe6
{[%clk 0:03:40]} 28. exd5 {[%clk 0:04:21]} Ra1+ {[%clk 0:03:10]} 29. Bc1
{[%clk 0:04:15]} Qa6 {[%clk 0:03:02]} 30. d6 {[%clk 0:04:17]} Kh7
{[%clk 0:03:10]} 31. Be4 {[%clk 0:04:08]} Nxd6 {[%clk 0:03:01]} 32. cxd6
{[%clk 0:04:11]} Qxd6 {[%clk 0:03:10]} 33. Qb2 {[%clk 0:02:51]} Qa6
{[%clk 0:03:18]} 34. Rh2 {[%clk 0:02:01]} Ra2 {[%clk 0:03:09]} 35. Qb1
{[%clk 0:01:46]} Nxg3 {[%clk 0:03:16]} 36. Bxg6+ {[%clk 0:01:39]} Kh8
{[%clk 0:03:12]} 37. Bc2 {[%clk 0:00:36]} Rf1+ {[%clk 0:02:59]} 38. Kd2
{[%clk 0:00:46]} Qd6+ {[%clk 0:03:08]} 39. Ke3 {[%clk 0:00:44]} e4
{[%clk 0:03:10]} 40. Qxa2 {[%clk 0:00:43]} Rf3# {[%clk 0:03:18]} 41. Kd4 0-1

[Event "AsianNationCup2018-OpenRapid"]
[Site "?"]
[Date "2018.07.27"]
[Round "7.4"]
[White "Mosadeghpour, Masoud"]
[Black "Makhnev, Denis"]
[Result "1/2-1/2"]
[BlackElo "2449"]
[WhiteElo "2375"]
[LiveChessVersion "1.4.8"]

1. e4 {[%clk 0:15:18]} e5 {[%clk 0:15:17]} 2. Nf3 {[%clk 0:15:25]} Nc6
{[%clk 0:15:24]} 3. Bb5 {[%clk 0:15:33]} Nf6 {[%clk 0:15:31]} 4. d3
{[%clk 0:15:17]} Bc5 {[%clk 0:15:38]} 5. Bxc6 {[%clk 0:15:20]} dxc6
{[%clk 0:15:46]} 6. O-O {[%clk 0:15:27]} Bd6 {[%clk 0:15:08]} 7. Nbd2
{[%clk 0:15:29]} c5 {[%clk 0:13:50]} 8. Nc4 {[%clk 0:14:08]} Nd7 {[%clk 0:13:50]}
9. a4 {[%clk 0:13:15]} O-O {[%clk 0:13:48]} 10. a5 {[%clk 0:12:03]} Re8
{[%clk 0:12:44]} 11. Ne1 {[%clk 0:10:58]} Nf8 {[%clk 0:12:29]} 12. f4
{[%clk 0:10:50]} exf4 {[%clk 0:12:35]} 13. Bxf4 {[%clk 0:10:44]} Bxf4
{[%clk 0:12:36]} 14. Rxf4 {[%clk 0:10:53]} Be6 {[%clk 0:12:44]} 15. Ne3
{[%clk 0:10:34]} Ng6 {[%clk 0:10:26]} 16. Rf2 {[%clk 0:10:24]} Qd4
{[%clk 0:10:32]} 17. Qc1 {[%clk 0:10:23]} Ne5 {[%clk 0:10:40]} 18. b3
{[%clk 0:09:31]} b5 {[%clk 0:08:17]} 19. c3 {[%clk 0:07:01]} Qd8 {[%clk 0:07:40]}
20. Qc2 {[%clk 0:06:29]} Qg5 {[%clk 0:07:45]} 21. Qe2 {[%clk 0:05:15]} Bxb3
{[%clk 0:05:14]} 22. Rb1 {[%clk 0:05:23]} c4 {[%clk 0:04:48]} 23. d4
{[%clk 0:05:02]} Ng6 {[%clk 0:04:34]} 24. Nf3 {[%clk 0:04:00]} Qe7
{[%clk 0:04:41]} 25. Nd2 {[%clk 0:03:58]} c5 {[%clk 0:04:01]} 26. Nd5
{[%clk 0:02:55]} Qd7 {[%clk 0:03:26]} 27. Nxb3 {[%clk 0:02:34]} cxb3
{[%clk 0:03:34]} 28. Rxb3 {[%clk 0:02:23]} Rab8 {[%clk 0:03:05]} 29. Qf3
{[%clk 0:02:01]} Rbc8 {[%clk 0:02:48]} 30. Rb1 {[%clk 0:01:32]} cxd4
{[%clk 0:02:45]} 31. cxd4 {[%clk 0:01:41]} Rc4 {[%clk 0:02:53]} 32. Qd3
{[%clk 0:01:04]} a6 {[%clk 0:02:55]} 33. Rbf1 {[%clk 0:01:07]} Rf8
{[%clk 0:01:48]} 34. Rd2 {[%clk 0:01:03]} Qd8 {[%clk 0:01:25]} 35. Nb6
{[%clk 0:00:31]} Rc7 {[%clk 0:01:34]} 36. Nd5 {[%clk 0:00:34]} Rd7
{[%clk 0:01:20]} 37. Nb6 {[%clk 0:00:15]} Rd6 {[%clk 0:01:28]} 38. Qc3
{[%clk 0:00:16]} Ne5 {[%clk 0:00:52]} 39. Rfd1 {[%clk 0:00:21]} Nc6
{[%clk 0:00:56]} 40. e5 {[%clk 0:00:28]} Rg6 {[%clk 0:01:05]} 41. d5
{[%clk 0:00:12]} Nxa5 {[%clk 0:01:14]} 42. Qxa5 {[%clk 0:00:22]} Rxb6
{[%clk 0:01:22]} 43. Rc2 {[%clk 0:00:12]} b4 {[%clk 0:00:37]} 44. d6
{[%clk 0:00:20]} b3 {[%clk 0:00:41]} 45. Rc7 {[%clk 0:00:24]} Qb8
{[%clk 0:00:44]} 46. Rb1 {[%clk 0:00:29]} b2 {[%clk 0:00:47]} 47. Qc3
{[%clk 0:00:36]} Rb3 {[%clk 0:00:52]} 48. Qc2 {[%clk 0:00:44]} Qb6+
{[%clk 0:00:26]} 49. Kh1 {[%clk 0:00:53]} Ra3 {[%clk 0:00:35]} 50. Rc8
{[%clk 0:00:24]} g6 {[%clk 0:00:36]} 51. d7 {[%clk 0:00:12]} Ra1 {[%clk 0:00:45]}
52. h3 Rxb1+ 53. Qxb1 {[%clk 0:00:21]} a5 {[%clk 0:00:40]} 54. Rxf8+ Kxf8
{[%clk 0:00:49]} 55. Qxb2 {[%clk 0:00:23]} Qxb2 {[%clk 0:00:47]} 56. d8=Q+
{[%clk 0:00:32]} Kg7 {[%clk 0:00:54]} 57. Qf6+ {[%clk 0:00:41]} Kg8
{[%clk 0:01:03]} 58. Qd8+ {[%clk 0:00:50]} Kg7 {[%clk 0:01:12]} 59. Qf6+
{[%clk 0:00:59]} Kg8 {[%clk 0:01:21]} 60. Qd8+ {[%clk 0:01:09]} Kg7
{[%clk 0:01:31]} 61. Qf6+ {[%clk 0:01:18]} 1/2-1/2

[Event "AsianNationCup2018-OpenRapid"]
[Site "?"]
[Date "2018.07.27"]
[Round "7.5"]
[White "Adhiban, B."]
[Black "Nguyen, Ngoc Truong Son"]
[Result "1-0"]
[BlackElo "2666"]
[WhiteElo "2673"]
[LiveChessVersion "1.4.8"]

1. e4 {[%clk 0:15:19]} c5 {[%clk 0:15:19]} 2. Nc3 {[%clk 0:15:26]} Nc6
{[%clk 0:15:26]} 3. f4 {[%clk 0:15:33]} g6 {[%clk 0:15:28]} 4. Nf3
{[%clk 0:15:42]} Bg7 {[%clk 0:15:36]} 5. Bb5 {[%clk 0:15:51]} d6 {[%clk 0:14:23]}
6. O-O {[%clk 0:15:48]} Bd7 {[%clk 0:13:56]} 7. Bc4 {[%clk 0:15:54]} e6
{[%clk 0:13:23]} 8. f5 {[%clk 0:16:02]} Ne5 {[%clk 0:12:31]} 9. fxe6
{[%clk 0:14:34]} fxe6 {[%clk 0:11:29]} 10. d3 {[%clk 0:14:42]} Qe7
{[%clk 0:08:22]} 11. Bg5 {[%clk 0:13:01]} Nf6 {[%clk 0:08:30]} 12. Nxe5
{[%clk 0:11:43]} dxe5 {[%clk 0:08:39]} 13. Qf3 {[%clk 0:07:18]} O-O
{[%clk 0:08:44]} 14. Qh3 {[%clk 0:07:26]} Qd6 {[%clk 0:08:35]} 15. Kh1
{[%clk 0:07:17]} Nh5 {[%clk 0:08:21]} 16. g3 {[%clk 0:07:16]} a6 {[%clk 0:07:31]}
17. a4 {[%clk 0:07:24]} h6 {[%clk 0:03:54]} 18. Be3 {[%clk 0:06:42]} Kh7
{[%clk 0:04:01]} 19. Rxf8 {[%clk 0:06:26]} Rxf8 {[%clk 0:04:09]} 20. Rf1
{[%clk 0:06:34]} Nf6 {[%clk 0:04:04]} 21. Qg2 {[%clk 0:06:12]} Ne8
{[%clk 0:03:46]} 22. Rxf8 {[%clk 0:05:16]} Qxf8 {[%clk 0:03:48]} 23. Qf2
{[%clk 0:03:51]} Qxf2 {[%clk 0:03:56]} 24. Bxf2 {[%clk 0:04:01]} Bf8
{[%clk 0:04:04]} 25. a5 {[%clk 0:04:09]} Nc7 {[%clk 0:02:45]} 26. Nb1
{[%clk 0:04:03]} Ba4 {[%clk 0:01:56]} 27. c3 {[%clk 0:03:33]} Kg7
{[%clk 0:01:51]} 28. Nd2 {[%clk 0:03:33]} Kf6 {[%clk 0:01:48]} 29. Kg2
{[%clk 0:02:54]} Na8 {[%clk 0:00:46]} 30. Kf1 {[%clk 0:02:11]} Bd6
{[%clk 0:00:24]} 31. Bb3 {[%clk 0:00:34]} Bb5 {[%clk 0:00:32]} 32. Bc4
{[%clk 0:00:44]} Ba4 {[%clk 0:00:41]} 33. Ke2 {[%clk 0:00:30]} Bc7
{[%clk 0:00:20]} 34. Bxc5 {[%clk 0:00:30]} Bxa5 {[%clk 0:00:29]} 35. Nf3
{[%clk 0:00:38]} Bc7 {[%clk 0:00:32]} 36. Bf8 {[%clk 0:00:32]} h5
{[%clk 0:00:39]} 37. Bh6 {[%clk 0:00:37]} Nb6 {[%clk 0:00:46]} 38. Ba2
{[%clk 0:00:45]} Bd7 {[%clk 0:00:41]} 39. Bg5+ {[%clk 0:00:50]} Kf7
{[%clk 0:00:50]} 40. Kd2 {[%clk 0:00:25]} Nc8 {[%clk 0:00:43]} 41. Bh4
{[%clk 0:00:19]} Ke8 {[%clk 0:00:15]} 42. Bf6 {[%clk 0:00:26]} Ne7
{[%clk 0:00:14]} 43. Nxe5 {[%clk 0:00:24]} Ng8 {[%clk 0:00:19]} 44. Nxd7
{[%clk 0:00:25]} Kxd7 {[%clk 0:00:27]} 45. Bg5 {[%clk 0:00:33]} Ne7
{[%clk 0:00:34]} 46. d4 {[%clk 0:00:39]} b5 {[%clk 0:00:35]} 47. b4
{[%clk 0:00:45]} a5 {[%clk 0:00:42]} 48. bxa5 {[%clk 0:00:53]} Bxa5
{[%clk 0:00:50]} 49. Kd3 {[%clk 0:00:58]} b4 {[%clk 0:00:52]} 50. c4
{[%clk 0:00:29]} e5 {[%clk 0:01:01]} 51. c5 {[%clk 0:00:29]} exd4
{[%clk 0:01:08]} 52. Kxd4 {[%clk 0:00:38]} Nc6+ {[%clk 0:01:17]} 53. Kd5
{[%clk 0:00:46]} Bc7 {[%clk 0:00:57]} 54. Bb3 {[%clk 0:00:50]} Na5
{[%clk 0:00:29]} 55. Ba4+ {[%clk 0:00:58]} Kc8 {[%clk 0:00:39]} 56. e5
{[%clk 0:00:33]} b3 {[%clk 0:00:47]} 57. Bc1 {[%clk 0:00:33]} g5 {[%clk 0:00:31]}
58. e6 {[%clk 0:00:24]} Bd8 {[%clk 0:00:39]} 59. Bd2 {[%clk 0:00:23]} g4
{[%clk 0:00:12]} 60. Bd7+ {[%clk 0:00:31]} Kb8 {[%clk 0:00:14]} 61. e7
{[%clk 0:00:31]} 1-0

[Event "AsianNationCup2018-OpenRapid"]
[Site "?"]
[Date "2018.07.27"]
[Round "7.6"]
[White "Tran, Tuan Minh"]
[Black "Sasikiran, Krishnan"]
[Result "1-0"]
[BlackElo "2625"]
[WhiteElo "2512"]
[LiveChessVersion "1.4.8"]

1. d4 {[%clk 0:15:15]} e6 {[%clk 0:15:17]} 2. c4 {[%clk 0:15:22]} f5
{[%clk 0:15:25]} 3. Nf3 {[%clk 0:15:25]} Nf6 {[%clk 0:15:33]} 4. e3
{[%clk 0:15:20]} b6 {[%clk 0:14:49]} 5. Bd3 {[%clk 0:14:50]} Bb7 {[%clk 0:14:52]}
6. O-O {[%clk 0:14:57]} g6 {[%clk 0:14:29]} 7. Nbd2 {[%clk 0:14:53]} Bg7
{[%clk 0:14:18]} 8. Qc2 {[%clk 0:14:50]} O-O {[%clk 0:12:51]} 9. b3
{[%clk 0:14:38]} Nc6 {[%clk 0:10:51]} 10. Ba3 {[%clk 0:13:31]} d6
{[%clk 0:10:24]} 11. Rad1 {[%clk 0:12:22]} a5 {[%clk 0:09:22]} 12. e4
{[%clk 0:06:45]} fxe4 {[%clk 0:07:23]} 13. Nxe4 {[%clk 0:06:53]} Nh5
{[%clk 0:07:29]} 14. Neg5 {[%clk 0:05:59]} Nxd4 {[%clk 0:05:41]} 15. Nxd4
{[%clk 0:06:02]} Qxg5 {[%clk 0:05:49]} 16. Be4 {[%clk 0:06:11]} Bxe4
{[%clk 0:05:00]} 17. Qxe4 {[%clk 0:06:19]} Bxd4 {[%clk 0:04:03]} 18. Qxe6+
{[%clk 0:05:18]} Rf7 {[%clk 0:04:12]} 19. Rxd4 {[%clk 0:05:27]} Nf4
{[%clk 0:04:20]} 20. Qe4 {[%clk 0:05:27]} Raf8 {[%clk 0:04:17]} 21. Kh1
{[%clk 0:04:43]} Re7 {[%clk 0:04:09]} 22. Qc6 {[%clk 0:04:46]} Ne2
{[%clk 0:02:42]} 23. Re4 {[%clk 0:04:01]} Rfe8 {[%clk 0:01:30]} 24. Qxe8+
{[%clk 0:04:04]} 1-0

[Event "AsianNationCup2018-OpenRapid"]
[Site "?"]
[Date "2018.07.27"]
[Round "7.7"]
[White "Gupta, Abhijeet"]
[Black "Nguyen, Anh Khoi"]
[Result "1-0"]
[BlackElo "2122"]
[WhiteElo "2562"]
[LiveChessVersion "1.4.8"]

1. d4 {[%clk 0:15:19]} Nf6 {[%clk 0:15:19]} 2. c4 {[%clk 0:15:27]} e6
{[%clk 0:15:27]} 3. Nc3 {[%clk 0:15:36]} Bb4 {[%clk 0:15:35]} 4. e3
{[%clk 0:15:45]} b6 {[%clk 0:15:41]} 5. Nge2 {[%clk 0:15:53]} Bb7
{[%clk 0:15:48]} 6. a3 {[%clk 0:15:56]} Bd6 {[%clk 0:15:55]} 7. f3
{[%clk 0:15:24]} Nh5 {[%clk 0:15:07]} 8. e4 {[%clk 0:15:22]} Qh4+
{[%clk 0:14:54]} 9. Kd2 {[%clk 0:15:29]} O-O {[%clk 0:13:21]} 10. g4
{[%clk 0:15:11]} Nf4 {[%clk 0:12:29]} 11. Kc2 {[%clk 0:15:16]} Nxe2
{[%clk 0:12:34]} 12. Bxe2 {[%clk 0:15:23]} Nc6 {[%clk 0:11:46]} 13. Be3
{[%clk 0:14:48]} e5 {[%clk 0:11:16]} 14. dxe5 {[%clk 0:14:30]} Bxe5
{[%clk 0:11:04]} 15. Qd2 {[%clk 0:14:19]} Bxc3 {[%clk 0:09:22]} 16. Qxc3
{[%clk 0:14:26]} d6 {[%clk 0:09:28]} 17. Rae1 {[%clk 0:13:15]} Ne5
{[%clk 0:08:22]} 18. Kc1 {[%clk 0:13:22]} Rfe8 {[%clk 0:07:47]} 19. Qd2
{[%clk 0:13:02]} Qe7 {[%clk 0:07:01]} 20. g5 {[%clk 0:12:16]} c6 {[%clk 0:05:36]}
21. f4 {[%clk 0:09:26]} Nd7 {[%clk 0:05:19]} 22. Bd3 {[%clk 0:09:35]} Nc5
{[%clk 0:05:01]} 23. Bxc5 {[%clk 0:09:41]} dxc5 {[%clk 0:05:09]} 24. e5
{[%clk 0:09:42]} Rad8 {[%clk 0:05:15]} 25. Qc2 {[%clk 0:09:49]} g6
{[%clk 0:05:18]} 26. h4 {[%clk 0:09:32]} Rd4 {[%clk 0:05:03]} 27. h5
{[%clk 0:08:08]} Red8 {[%clk 0:04:49]} 28. hxg6 {[%clk 0:05:28]} Rxd3
{[%clk 0:02:57]} 29. Rxh7 {[%clk 0:05:32]} Qe6 {[%clk 0:02:45]} 30. gxf7+
{[%clk 0:05:19]} Kxh7 {[%clk 0:02:45]} 31. Qxd3+ {[%clk 0:05:22]} Rxd3
{[%clk 0:02:50]} 32. f8=N+ {[%clk 0:05:28]} 1-0

[Event "AsianNationCup2018-OpenRapid"]
[Site "?"]
[Date "2018.07.27"]
[Round "7.8"]
[White "Nguyen, Duc Hoa"]
[Black "Sethuraman, S.P."]
[Result "0-1"]
[BlackElo "2586"]
[WhiteElo "2490"]
[LiveChessVersion "1.4.8"]

1. d4 {[%clk 0:15:18]} Nf6 {[%clk 0:15:18]} 2. c4 {[%clk 0:15:26]} e6
{[%clk 0:15:26]} 3. g3 {[%clk 0:15:33]} d5 {[%clk 0:15:30]} 4. Bg2
{[%clk 0:15:41]} Bb4+ {[%clk 0:15:00]} 5. Bd2 {[%clk 0:15:47]} Be7
{[%clk 0:15:08]} 6. Qc2 {[%clk 0:15:56]} O-O {[%clk 0:15:15]} 7. Nf3
{[%clk 0:16:05]} Nbd7 {[%clk 0:15:19]} 8. O-O {[%clk 0:16:12]} c6
{[%clk 0:15:26]} 9. Rc1 {[%clk 0:15:28]} Ne4 {[%clk 0:14:55]} 10. Be1
{[%clk 0:15:13]} f5 {[%clk 0:14:54]} 11. Nbd2 {[%clk 0:14:33]} Bd6
{[%clk 0:15:02]} 12. Nf1 {[%clk 0:14:35]} b6 {[%clk 0:15:01]} 13. cxd5
{[%clk 0:14:00]} cxd5 {[%clk 0:15:08]} 14. Qa4 {[%clk 0:14:02]} Qe7
{[%clk 0:15:03]} 15. a3 {[%clk 0:14:09]} a5 {[%clk 0:15:07]} 16. b4
{[%clk 0:13:16]} Ba6 {[%clk 0:15:09]} 17. b5 {[%clk 0:13:25]} Bb7
{[%clk 0:15:17]} 18. Qb3 {[%clk 0:12:58]} Rac8 {[%clk 0:15:18]} 19. a4
{[%clk 0:13:03]} h6 {[%clk 0:14:05]} 20. Bd2 {[%clk 0:11:12]} g5 {[%clk 0:14:02]}
21. Rxc8 {[%clk 0:11:04]} Rxc8 {[%clk 0:14:10]} 22. Rc1 {[%clk 0:11:12]} Qd8
{[%clk 0:14:00]} 23. Rc2 {[%clk 0:10:08]} Rc7 {[%clk 0:14:08]} 24. Ne1
{[%clk 0:09:59]} Ndf6 {[%clk 0:12:06]} 25. Bc1 {[%clk 0:07:48]} Qc8
{[%clk 0:11:05]} 26. Bb2 {[%clk 0:07:48]} Bb4 {[%clk 0:09:59]} 27. Rxc7
{[%clk 0:07:10]} Qxc7 {[%clk 0:10:07]} 28. Nd3 {[%clk 0:05:47]} Qc4
{[%clk 0:10:05]} 29. Qd1 {[%clk 0:05:56]} Bc3 {[%clk 0:09:30]} 30. e3
{[%clk 0:05:36]} g4 {[%clk 0:04:01]} 31. Ne5 {[%clk 0:03:26]} Qa2
{[%clk 0:04:03]} 32. Bxc3 {[%clk 0:02:52]} Qxf2+ {[%clk 0:04:10]} 33. Kh1
{[%clk 0:03:01]} Nxc3 {[%clk 0:04:18]} 34. Qa1 {[%clk 0:01:12]} Ne2
{[%clk 0:03:05]} 35. Nd2 {[%clk 0:01:22]} Qxe3 {[%clk 0:02:44]} 36. Qe1
{[%clk 0:01:01]} Nxg3+ {[%clk 0:02:12]} 37. Qxg3 {[%clk 0:01:10]} Qxd2
{[%clk 0:02:19]} 38. Nf3 {[%clk 0:00:28]} Qd1+ {[%clk 0:02:06]} 39. Ng1
{[%clk 0:00:37]} Qc1 {[%clk 0:01:38]} 40. Qd6 {[%clk 0:00:36]} Qc8
{[%clk 0:01:22]} 41. Ne2 {[%clk 0:00:25]} Kf7 {[%clk 0:00:46]} 42. h3 0-1